El Món del crèdit a la Barcelona medieval / Manuel Sánchez Martínez, coordinador
ISBN:
1135-3058
Publicado:
Barcelona :
Arxiu Històric de la Ciutat de Barcelona : Institut de Cultura : Ajuntament de Barcelona ,
2007
Descripción Física:
350 p. ; 24 cm
Colección:
Barcelona quaderns d'història ; 13
Otros Autores:
Sánchez Martínez, Manuel, coord
MARC
| LEADER | 00000nam a2200000Ia 4500 | ||
|---|---|---|---|
| 001 | 19856 | ||
| 008 | 160829s2007 xx 000 0 cat d | ||
| 020 | |a 1135-3058 | ||
| 080 | |a H-3-44 | ||
| 245 | |a El Món del crèdit a la Barcelona medieval / Manuel Sánchez Martínez, coordinador | ||
| 260 | |a Barcelona : |b Arxiu Històric de la Ciutat de Barcelona : |b Institut de Cultura : |b Ajuntament de Barcelona, |c 2007 | ||
| 300 | |a 350 p. ; |c 24 cm | ||
| 490 | |a Barcelona quaderns d'història ; 13 | ||
| 590 | |a A la portada: Seminari d'Història de Barcelona. | ||
| 590 | |a Text en català, castellà i italià | ||
| 650 | |a Crèdit |x Barcelona |x Història |x Fins al 1500 |9 38322 | ||
| 650 | |a Crèdit |x Europa |x Història |x Fins al 1500 |9 38323 | ||
| 700 | |a Sánchez Martínez, Manuel, coord. |9 38324 | ||
| 710 | 1 | |a Barcelona (Catalunya). |b Ajuntament |9 50981 | |
| 710 | 2 | |a Institut de Cultura (Barcelona, Catalunya) |9 53422 | |
| 710 | 2 | |a Arxiu Municipal de Barcelona |9 55021 | |
| 901 | |a Arxiu | ||
| 942 | |n 1 | ||
| 952 | |0 0 |1 0 |4 0 |6 H344 |7 1 |9 48372 |a Arxiu |b Arxiu |d 2016-12-01 |l 0 |o H-3-44 |p 19856 |r 2016-12-01 00:00:00 |w 2016-12-01 |y ARXIU | ||
| 999 | |c 52178 |d 52178 | ||